|
|
|
|
| LEADER |
00000cam a2200000 7i4500 |
| 001 |
0000001480 |
| 005 |
20151222.0 |
| 008 |
070705 |
| 020 |
|
|
|a 9838474037
|
| 090 |
0 |
0 |
|a JF
|b CT MAL (1561)
|
| 100 |
0 |
|
|a Nurbaidura Ismail
|
| 245 |
1 |
0 |
|a Puteri Intan Terpilih
|c Nurbaidura Ismail
|
| 260 |
|
|
|a Kuala Lumpur :
|b Buku Must ,
|c 2006
|
| 440 |
|
0 |
|a Siri srikandi nusa
|
| 500 |
|
|
|a Children ages 7-9 years old (orange)
|
| 650 |
|
0 |
|a Malay fiction
|
| 999 |
|
|
|a 0000957725
|b Book
|c Children Collection
|e Perbadanan Perpustakaan Awam Johor
|
| 999 |
|
|
|a 0001069798
|b Book
|c Children Collection
|e Cawangan Tangkak
|
| 999 |
|
|
|a 0001069808
|b Book
|c Children Collection
|e Cawangan Kota Tinggi
|